000 00715cab a2200229 4500
001 ABS48240
008 090401t1993 xxu||||| |||| 00| 0 eng d
035 _a(Sirsi) u65632
041 _aeng
100 _aBarnes, P.
245 _aIndustry registers an interest in contaminated land issues
260 _c1993
350 _a0
490 _aPlanning (for the Natural and Built Environment)
_v(1008) 5 March 1993, 17(1)
520 _aExamines the problems for planners, landowners and developers of contaminated land.
650 _aCONTAMINATED LAND
650 _aENVIRONMENTAL PROTECTION ACT 1990 S143
650 _aWATER RESOURCES ACT 1991 S161
690 _aLAND
942 _n0
948 _c04/03/1997
999 _c40947
_d40947